ENGLISH FOR CHILDREN FOODS FOODS/ THỨC ĂN

שמור ב:
מידע ביבליוגרפי
מחבר ראשי: THANH HƯƠNG
פורמט: ספר
שפה:English
יצא לאור: TP.HCM 2010
נושאים:
תגים: הוספת תג
אין תגיות, היה/י הראשונ/ה לתייג את הרשומה!
Thư viện lưu trữ: Mạng thư viện Đại học Đà Nẵng
LEADER 00848nam a22002411a 4500
001 000034382
003 10574
005 20151027132119.0
008 151027s2010 000 eng
041 |a eng 
082 |a 420.83  |b TH-H  |2 FOODS/ THỨC ĂN 
100 |a THANH HƯƠNG 
245 |a ENGLISH FOR CHILDREN FOODS  |c THANH HƯƠNG  |n FOODS/ THỨC ĂN 
260 |a TP.HCM  |c 2010 
650 |a ENGLISH FOR CHILDREN FOODS, ENGLISH, CHILDREN, FOODS 
OWN |a LNN 
AVA |a UDN50  |b LNN  |d 420.83 TH-H  |e available  |t Error 5001 Not defined in file expand_doc_bib_avail.  |f 5  |g 0  |h N  |i 0  |k 1 
999 |a From the UDN01 
AVA |a UDN50  |b LNN  |d 420.83 TH-H  |e available  |t Error 5001 Not defined in file expand_doc_bib_avail.  |f 5  |g 0  |h N  |i 0  |k 1 
TYP |a Monograph 
980 |a Mạng thư viện Đại học Đà Nẵng